Least spoken official languages - Statistics

General Stats
  • This quiz has been taken 82 times
    66 since last reset
  • The average score is 8 of 21
Answer Stats
Hint Answe6 % Correct
314 k Icelandic
61%
1.75 m Latvian
61%
9.3 k Nauruan
59%
1.1 m Estonian
57%
187 k Tongan
51%
400 k Fijian
49%
12.6 k Tuvaluan
49%
170 k Irish
47%
520 k Maltese
45%
285 k Luxembourgish
43%
17 k Palauan
43%
40 k Romansh
43%
1.7 m Aymara
41%
50 k Māori
41%
171 k Dzongkha
31%
500 k Tetum
16%
340 k Dhivehi
14%
1.97 m Afar
12%
500 k Sango
12%
23 k New Zealand Sign Language
8%
800 k* Comorian
6%
No matching quizzes found
Score Distribution
Percent of People with Each Score
Percentile by Number Answered
Your Score History
You have not taken this quiz since the last reset